00796nam a2200265 a 4500001001300000003000900013005001700022008004100039020002300080082002000103100002500123245001700148260003300165300000900198500003500207505001500242650003600257650001900293650004000312700002500352902000800377942000700385952012100392999001700513nice12345678IN_TiNIC20260116013200.0050524s1993 newa grp 000 0 eng  a0883440 c10000a232.089960bDOU aDouglas, Kelly Brown aBlack Christ aNew YorkbOrbis Books c1993 a134p aincludes index and biblioraphy2 aFor Review aJesus Christ-Person and Offices aTheology-Black aJesus Christ-Afro-American Interpre1 aDouglas, Kelly Brown bSRS cBK 001040708StackRoom-aHMIbHMId2009-07-03g100.00l0o232.089960 DOUp015244r2009-07-03v100.00w2005-05-24yBK c10014d10014